[Event "European Chess Club Cup 2023"]
[Site "Durres, Albania"]
[Date "2023.10.06"]
[Round "6.42"]
[White "Miletic, Vuk"]
[Black "Korpa, Bence"]
[Result "0-1"]
[TimeControl "90' + 30' & 30\""]
[WhiteElo "2190"]
[BlackElo "2522"]

1. d4 {[%clk 01:30:57]} {[%emt 00:00:02]} Nf6 {[%clk 01:30:50]} {[%emt
00:00:10]} 2. Bf4 {[%clk 01:30:48]} {[%emt 00:00:39]} g6 {[%clk 01:30:20]}
{[%emt 00:00:59]} 3. Nc3 {[%clk 01:30:12]} {[%emt 00:01:07]} d5 {[%clk
01:29:55]} {[%emt 00:00:54]} 4. e3 {[%clk 01:30:29]} {[%emt 00:00:14]} Bg7
{[%clk 01:28:48]} {[%emt 00:01:36]} 5. h4 {[%clk 01:30:50]} {[%emt 00:00:10]}
h5 {[%clk 01:26:01]} {[%emt 00:03:17]} 6. Nf3 {[%clk 01:24:56]} {[%emt
00:06:24]} Bg4 {[%clk 01:17:44]} {[%emt 00:08:47]} 7. Qd2 {[%clk 01:18:17]}
{[%emt 00:07:10]} Bxf3 {[%clk 01:15:53]} {[%emt 00:02:20]} 8. gxf3 {[%clk
01:18:45]} {[%emt 00:00:02]} c6 {[%clk 01:13:24]} {[%emt 00:02:59]} 9. e4
{[%clk 01:01:11]} {[%emt 00:18:05]} e6 {[%clk 01:13:35]} {[%emt 00:00:18]} 10.
Bg5 {[%clk 00:49:12]} {[%emt 00:12:29]} Qc7 {[%clk 01:09:11]} {[%emt 00:04:54]}
11. O-O-O {[%clk 00:46:36]} {[%emt 00:03:07]} Nbd7 {[%clk 01:09:17]} {[%emt
00:00:24]} 12. Kb1 {[%clk 00:40:23]} {[%emt 00:06:44]} a6 {[%clk 01:02:39]}
{[%emt 00:07:08]} 13. Qe3 {[%clk 00:30:54]} {[%emt 00:09:59]} b5 {[%clk
01:01:50]} {[%emt 00:01:18]} 14. Bh3 {[%clk 00:19:04]} {[%emt 00:12:21]} Nb6
{[%clk 00:57:49]} {[%emt 00:04:29]} 15. Ne2 {[%clk 00:10:37]} {[%emt 00:08:58]}
Nc4 {[%clk 00:44:40]} {[%emt 00:13:39]} 16. Qd3 {[%clk 00:11:02]} {[%emt
00:00:05]} Nh7 {[%clk 00:24:35]} {[%emt 00:20:35]} 17. Bf4 {[%clk 00:09:31]}
{[%emt 00:02:00]} Qb6 {[%clk 00:24:18]} {[%emt 00:00:48]} 18. Rhe1 {[%clk
00:03:53]} {[%emt 00:06:09]} O-O-O {[%clk 00:22:59]} {[%emt 00:01:47]} 19. exd5
{[%clk 00:03:14]} {[%emt 00:01:10]} cxd5 {[%clk 00:23:06]} {[%emt 00:00:23]} 20.
Nc1 {[%clk 00:02:42]} {[%emt 00:01:03]} Rhe8 {[%clk 00:20:00]} {[%emt
00:03:35]} 21. Bg3 {[%clk 00:01:03]} {[%emt 00:02:10]} Kb7 {[%clk 00:19:38]}
{[%emt 00:00:51]} 22. Re2 {[%clk 00:00:39]} {[%emt 00:00:54]} a5 {[%clk
00:14:34]} {[%emt 00:05:34]} 23. Be5 {[%clk 00:00:56]} {[%emt 00:00:13]} Bf8
{[%clk 00:13:40]} {[%emt 00:01:24]} 24. Ree1 {[%clk 00:00:39]} {[%emt
00:00:47]} a4 {[%clk 00:12:59]} {[%emt 00:01:10]} 25. b3 {[%clk 00:00:34]}
{[%emt 00:00:37]} Rc8 {[%clk 00:09:52]} {[%emt 00:03:36]} 26. Re2 {[%clk
00:00:34]} {[%emt 00:00:31]} Bb4 {[%clk 00:09:05]} {[%emt 00:01:16]} 27. Bf4
{[%clk 00:00:33]} {[%emt 00:00:32]} Na3+ {[%clk 00:07:13]} {[%emt 00:02:21]} 28.
Kb2 {[%clk 00:00:54]} {[%emt 00:00:09]} Qa5 {[%clk 00:07:00]} {[%emt 00:00:43]}
0-1

[Event "European Chess Club Cup 2023"]
[Site "Durres, Albania"]
[Date "2023.10.06"]
[Round "6.43"]
[White "Koelle, Tobias"]
[Black "Yankelevich, Lev"]
[Result "1/2-1/2"]
[TimeControl "90' + 30' & 30\""]
[WhiteElo "2454"]
[BlackElo "2399"]

1. d4 {[%clk 01:30:58]} {[%emt 00:00:01]} Nf6 {[%clk 01:30:54]} {[%emt
00:00:05]} 2. c4 {[%clk 01:31:25]} {[%emt 00:00:04]} e6 {[%clk 01:31:12]}
{[%emt 00:00:13]} 3. Nf3 {[%clk 01:31:49]} {[%emt 00:00:05]} d5 {[%clk
01:31:33]} {[%emt 00:00:09]} 4. Nc3 {[%clk 01:32:14]} {[%emt 00:00:05]} Bb4
{[%clk 01:31:58]} {[%emt 00:00:06]} 5. Bg5 {[%clk 01:32:38]} {[%emt 00:00:05]}
h6 {[%clk 01:32:16]} {[%emt 00:00:12]} 6. Bxf6 {[%clk 01:33:03]} {[%emt
00:00:06]} Qxf6 {[%clk 01:32:39]} {[%emt 00:00:06]} 7. Qa4+ {[%clk 01:33:20]}
{[%emt 00:00:12]} Nc6 {[%clk 01:32:58]} {[%emt 00:00:12]} 8. e3 {[%clk
01:33:35]} {[%emt 00:00:14]} O-O {[%clk 01:32:25]} {[%emt 00:01:03]} 9. Rc1
{[%clk 01:33:58]} {[%emt 00:00:07]} Qg6 {[%clk 01:32:22]} {[%emt 00:00:34]} 10.
Qc2 {[%clk 01:32:32]} {[%emt 00:01:55]} Qxc2 {[%clk 01:32:45]} {[%emt
00:00:09]} 11. Rxc2 {[%clk 01:33:01]} {[%emt 00:00:02]} Rd8 {[%clk 01:32:33]}
{[%emt 00:00:39]} 12. a3 {[%clk 01:32:59]} {[%emt 00:00:32]} Bf8 {[%clk
01:32:55]} {[%emt 00:00:07]} 13. Nb5 {[%clk 01:26:33]} {[%emt 00:06:59]} Bd7
{[%clk 01:33:14]} {[%emt 00:00:10]} 14. cxd5 {[%clk 01:24:14]} {[%emt
00:02:49]} exd5 {[%clk 01:32:02]} {[%emt 00:01:41]} 15. Bd3 {[%clk 01:23:33]}
{[%emt 00:01:10]} Rac8 {[%clk 01:24:53]} {[%emt 00:07:40]} 16. Ke2 {[%clk
01:16:58]} {[%emt 00:07:07]} a6 {[%clk 01:21:54]} {[%emt 00:03:28]} 17. Nc3
{[%clk 01:17:14]} {[%emt 00:00:14]} Ne7 {[%clk 01:19:43]} {[%emt 00:02:40]} 18.
Rhc1 {[%clk 01:14:03]} {[%emt 00:03:42]} Be8 {[%clk 01:04:20]} {[%emt
00:15:53]} 19. Na2 {[%clk 01:04:10]} {[%emt 00:10:23]} c6 {[%clk 01:03:25]}
{[%emt 00:01:24]} 20. Nc3 {[%clk 01:04:35]} {[%emt 00:00:05]} Ra8 {[%clk
00:57:44]} {[%emt 00:06:11]} 21. g4 {[%clk 00:45:52]} {[%emt 00:19:13]} Nc8
{[%clk 00:45:11]} {[%emt 00:13:03]} 22. h4 {[%clk 00:43:13]} {[%emt 00:03:08]}
f6 {[%clk 00:45:33]} {[%emt 00:00:09]} 23. h5 {[%clk 00:41:55]} {[%emt
00:01:48]} Nd6 {[%clk 00:42:21]} {[%emt 00:03:41]} 24. Nh4 {[%clk 00:41:22]}
{[%emt 00:01:05]} Nc4 {[%clk 00:41:52]} {[%emt 00:00:59]} 25. Nb1 {[%clk
00:33:56]} {[%emt 00:07:54]} b5 {[%clk 00:39:51]} {[%emt 00:02:33]} 26. Bg6
{[%clk 00:33:22]} {[%emt 00:01:04]} Bd7 {[%clk 00:39:45]} {[%emt 00:00:36]} 27.
Bf5 {[%clk 00:33:46]} {[%emt 00:00:05]} Be8 {[%clk 00:40:12]} {[%emt 00:00:04]}
28. Be6+ {[%clk 00:32:15]} {[%emt 00:02:01]} Kh7 {[%clk 00:40:07]} {[%emt
00:00:35]} 29. Bf5+ {[%clk 00:32:39]} {[%emt 00:00:06]} Kg8 {[%clk 00:40:28]}
{[%emt 00:00:08]} 30. Be6+ {[%clk 00:18:53]} {[%emt 00:14:16]} Kh7 {[%clk
00:40:48]} {[%emt 00:00:10]} 31. f3 {[%clk 00:12:39]} {[%emt 00:06:44]} a5
{[%clk 00:40:53]} {[%emt 00:00:26]} 32. Bf5+ {[%clk 00:13:04]} {[%emt
00:00:04]} Kg8 {[%clk 00:41:18]} {[%emt 00:00:05]} 33. Be6+ {[%clk 00:13:32]}
{[%emt 00:00:03]} Kh7 {[%clk 00:41:45]} {[%emt 00:00:02]} 34. Bf5+ {[%clk
00:13:57]} {[%emt 00:00:04]} Kg8 {[%clk 00:42:11]} {[%emt 00:00:05]} 35. Be6+
{[%clk 00:12:36]} {[%emt 00:01:51]} Kh7 {[%clk 00:42:17]} {[%emt 00:00:24]} 36.
Bf5+ {[%clk 00:12:58]} {[%emt 00:00:08]} 1/2-1/2

[Event "European Chess Club Cup 2023"]
[Site "Durres, Albania"]
[Date "2023.10.06"]
[Round "6.44"]
[White "Salles, Louis"]
[Black "Deuer, Marius"]
[Result "0-1"]
[TimeControl "90' + 30' & 30\""]
[WhiteElo "2318"]
[BlackElo "2462"]

1. e4 {[%clk 01:30:56]} {[%emt 00:00:03]} c6 {[%clk 01:30:54]} {[%emt
00:00:07]} 2. d4 {[%clk 01:31:21]} {[%emt 00:00:05]} d5 {[%clk 01:31:19]}
{[%emt 00:00:05]} 3. exd5 {[%clk 01:31:46]} {[%emt 00:00:05]} cxd5 {[%clk
01:31:43]} {[%emt 00:00:06]} 4. Nf3 {[%clk 01:32:09]} {[%emt 00:00:06]} Nc6
{[%clk 01:29:32]} {[%emt 00:02:40]} 5. Bb5 {[%clk 01:32:06]} {[%emt 00:00:34]}
e6 {[%clk 01:23:35]} {[%emt 00:06:27]} 6. Ne5 {[%clk 01:28:42]} {[%emt
00:03:54]} Bd7 {[%clk 01:21:33]} {[%emt 00:02:33]} 7. Nxd7 {[%clk 01:29:00]}
{[%emt 00:00:12]} Qxd7 {[%clk 01:21:56]} {[%emt 00:00:06]} 8. c3 {[%clk
01:29:15]} {[%emt 00:00:14]} Bd6 {[%clk 01:18:14]} {[%emt 00:04:13]} 9. Nd2
{[%clk 01:26:43]} {[%emt 00:03:02]} Nge7 {[%clk 01:15:30]} {[%emt 00:03:14]} 10.
O-O {[%clk 01:20:55]} {[%emt 00:06:17]} O-O {[%clk 01:12:25]} {[%emt 00:03:36]}
11. Re1 {[%clk 01:19:44]} {[%emt 00:01:41]} Rae8 {[%clk 01:07:15]} {[%emt
00:05:41]} 12. Qg4 {[%clk 00:57:49]} {[%emt 00:22:24]} Nf5 {[%clk 00:49:55]}
{[%emt 00:17:50]} 13. Nf3 {[%clk 00:54:08]} {[%emt 00:04:11]} f6 {[%clk
00:48:45]} {[%emt 00:01:40]} 14. Bd3 {[%clk 00:46:52]} {[%emt 00:07:46]} g6
{[%clk 00:46:27]} {[%emt 00:02:48]} 15. Bd2 {[%clk 00:32:17]} {[%emt 00:15:05]}
Ng7 {[%clk 00:29:52]} {[%emt 00:17:05]} 16. Re2 {[%clk 00:17:11]} {[%emt
00:15:37]} g5 {[%clk 00:26:36]} {[%emt 00:03:45]} 17. Bxg5 {[%clk 00:11:04]}
{[%emt 00:06:37]} fxg5 {[%clk 00:25:31]} {[%emt 00:01:34]} 18. Nxg5 {[%clk
00:10:59]} {[%emt 00:00:36]} h5 {[%clk 00:24:35]} {[%emt 00:01:26]} 19. Qh3
{[%clk 00:09:34]} {[%emt 00:01:56]} Rf6 {[%clk 00:19:30]} {[%emt 00:05:34]} 20.
g3 {[%clk 00:07:25]} {[%emt 00:02:40]} Rh6 {[%clk 00:10:30]} {[%emt 00:09:29]}
21. Rae1 {[%clk 00:07:19]} {[%emt 00:00:36]} Qe7 {[%clk 00:10:30]} {[%emt
00:00:30]} 22. f4 {[%clk 00:07:20]} {[%emt 00:00:30]} Qf6 {[%clk 00:09:27]}
{[%emt 00:01:32]} 23. Bc2 {[%clk 00:04:34]} {[%emt 00:03:17]} h4 {[%clk
00:07:25]} {[%emt 00:02:31]} 24. Qg4 {[%clk 00:05:03]} {[%emt 00:00:01]} Kh8
{[%clk 00:06:08]} {[%emt 00:01:47]} 25. Bb3 {[%clk 00:04:00]} {[%emt 00:01:34]}
Rg8 {[%clk 00:05:07]} {[%emt 00:01:30]} 26. Bc2 {[%clk 00:01:55]} {[%emt
00:02:35]} Nd8 {[%clk 00:04:53]} {[%emt 00:00:44]} 27. Kg2 {[%clk 00:01:13]}
{[%emt 00:01:12]} Nh5 {[%clk 00:03:44]} {[%emt 00:01:39]} 28. Kf3 {[%clk
00:00:39]} {[%emt 00:01:05]} hxg3 {[%clk 00:02:18]} {[%emt 00:01:56]} 29. hxg3
{[%clk 00:01:05]} {[%emt 00:00:03]} Nf7 {[%clk 00:02:38]} {[%emt 00:00:10]} 30.
Kg2 {[%clk 00:00:31]} {[%emt 00:01:05]} Nxg5 {[%clk 00:02:41]} {[%emt
00:00:26]} 31. fxg5 {[%clk 00:00:32]} {[%emt 00:00:29]} Rxg5 {[%clk 00:02:54]}
{[%emt 00:00:17]} 0-1

[Event "European Chess Club Cup 2023"]
[Site "Durres, Albania"]
[Date "2023.10.06"]
[Round "6.45"]
[White "Kocharin, Timur"]
[Black "Cahen, Alexis"]
[Result "1-0"]
[TimeControl "90' + 30' & 30\""]
[WhiteElo "2181"]
[BlackElo "2049"]

1. c4 {[%clk 01:30:26]} {[%emt 00:00:33]} Nf6 {[%clk 01:29:14]} {[%emt
00:01:46]} 2. Nc3 {[%clk 01:30:06]} {[%emt 00:00:50]} e6 {[%clk 01:28:05]}
{[%emt 00:01:39]} 3. Nf3 {[%clk 01:29:04]} {[%emt 00:01:33]} d5 {[%clk
01:25:46]} {[%emt 00:02:49]} 4. d4 {[%clk 01:29:22]} {[%emt 00:00:12]} b6
{[%clk 01:24:07]} {[%emt 00:02:10]} 5. cxd5 {[%clk 01:27:51]} {[%emt 00:02:00]}
exd5 {[%clk 01:23:40]} {[%emt 00:00:57]} 6. Bg5 {[%clk 01:27:15]} {[%emt
00:01:06]} Be7 {[%clk 01:23:19]} {[%emt 00:00:50]} 7. Qc2 {[%clk 01:24:32]}
{[%emt 00:03:14]} Bb7 {[%clk 01:19:55]} {[%emt 00:03:54]} 8. e3 {[%clk
01:24:21]} {[%emt 00:00:41]} O-O {[%clk 01:19:29]} {[%emt 00:00:56]} 9. Rd1
{[%clk 01:21:43]} {[%emt 00:03:08]} Nbd7 {[%clk 01:15:15]} {[%emt 00:04:43]} 10.
Be2 {[%clk 01:20:34]} {[%emt 00:01:40]} c5 {[%clk 01:09:38]} {[%emt 00:06:06]}
11. O-O {[%clk 01:18:27]} {[%emt 00:02:38]} Rc8 {[%clk 01:06:55]} {[%emt
00:03:12]} 12. Ne5 {[%clk 01:11:55]} {[%emt 00:07:03]} cxd4 {[%clk 00:59:52]}
{[%emt 00:07:33]} 13. Nxd7 {[%clk 01:11:22]} {[%emt 00:01:01]} Qxd7 {[%clk
00:58:10]} {[%emt 00:02:14]} 14. Rxd4 {[%clk 01:11:07]} {[%emt 00:00:46]} Ne4
{[%clk 00:54:02]} {[%emt 00:04:37]} 15. Qxe4 {[%clk 01:00:51]} {[%emt
00:10:46]} Bxg5 {[%clk 00:50:02]} {[%emt 00:04:30]} 16. Nxd5 {[%clk 00:49:50]}
{[%emt 00:11:31]} Rfe8 {[%clk 00:40:44]} {[%emt 00:09:49]} 17. Qd3 {[%clk
00:47:57]} {[%emt 00:02:22]} Qc6 {[%clk 00:33:04]} {[%emt 00:08:10]} 18. Bg4
{[%clk 00:44:36]} {[%emt 00:03:51]} Rcd8 {[%clk 00:31:44]} {[%emt 00:01:50]} 19.
Bf3 {[%clk 00:44:32]} {[%emt 00:00:34]} Qc8 {[%clk 00:30:05]} {[%emt 00:02:09]}
20. Rd1 {[%clk 00:41:41]} {[%emt 00:03:21]} Bxd5 {[%clk 00:29:41]} {[%emt
00:00:55]} 21. Rxd5 {[%clk 00:41:50]} {[%emt 00:00:20]} Rxd5 {[%clk 00:25:55]}
{[%emt 00:04:18]} 22. Bxd5 {[%clk 00:40:51]} {[%emt 00:01:27]} Bf6 {[%clk
00:24:37]} {[%emt 00:01:49]} 23. b3 {[%clk 00:38:25]} {[%emt 00:02:55]} g6
{[%clk 00:23:26]} {[%emt 00:01:42]} 24. g3 {[%clk 00:36:55]} {[%emt 00:02:01]}
Kg7 {[%clk 00:23:44]} {[%emt 00:00:11]} 25. Rd2 {[%clk 00:35:58]} {[%emt
00:01:26]} Re7 {[%clk 00:18:46]} {[%emt 00:05:29]} 26. Bc4 {[%clk 00:35:20]}
{[%emt 00:01:08]} Qh3 {[%clk 00:16:18]} {[%emt 00:02:57]} 27. Qd5 {[%clk
00:31:32]} {[%emt 00:04:18]} h5 {[%clk 00:16:03]} {[%emt 00:00:46]} 28. Bf1
{[%clk 00:31:20]} {[%emt 00:00:41]} Qg4 {[%clk 00:15:10]} {[%emt 00:01:24]} 29.
h3 {[%clk 00:30:15]} {[%emt 00:01:35]} Qc8 {[%clk 00:13:09]} {[%emt 00:02:30]}
30. h4 {[%clk 00:28:20]} {[%emt 00:02:26]} Qc1 {[%clk 00:11:03]} {[%emt
00:02:36]} 31. Kg2 {[%clk 00:24:58]} {[%emt 00:03:52]} Re5 {[%clk 00:11:03]}
{[%emt 00:00:30]} 32. Qd7 {[%clk 00:23:34]} {[%emt 00:01:54]} Re7 {[%clk
00:10:13]} {[%emt 00:01:20]} 33. Qd6 {[%clk 00:22:47]} {[%emt 00:01:18]} Re6
{[%clk 00:10:00]} {[%emt 00:00:42]} 34. Qd3 {[%clk 00:23:07]} {[%emt 00:00:10]}
Rc6 {[%clk 00:07:49]} {[%emt 00:02:40]} 35. Qe2 {[%clk 00:21:50]} {[%emt
00:01:48]} Qa1 {[%clk 00:05:46]} {[%emt 00:02:33]} 36. Rd1 {[%clk 00:19:53]}
{[%emt 00:02:27]} Rc1 {[%clk 00:05:25]} {[%emt 00:00:52]} 37. Rd7 {[%clk
00:18:11]} {[%emt 00:02:11]} a5 {[%clk 00:03:13]} {[%emt 00:02:42]} 38. Qd3
{[%clk 00:18:15]} {[%emt 00:00:26]} Qe5 {[%clk 00:00:38]} {[%emt 00:03:05]} 39.
Rb7 {[%clk 00:16:24]} {[%emt 00:02:21]} Qc5 {[%clk 00:00:33]} {[%emt 00:00:36]}
40. Qd7 {[%clk 00:16:43]} {[%emt 00:00:10]} Qf8 {[%clk 00:00:31]} {[%emt
00:00:32]} 41. Bc4 {[%clk 00:17:06]} {[%emt 00:00:07]} Kh6 {[%clk 00:24:02]}
{[%emt 00:06:59]} 42. Bxf7 {[%clk 00:45:12]} {[%emt 00:02:24]} Be5 {[%clk
00:19:29]} {[%emt 00:05:03]} 43. Qe6 {[%clk 00:38:33]} {[%emt 00:07:09]} Qd6
{[%clk 00:17:45]} {[%emt 00:02:14]} 44. Rxb6 {[%clk 00:38:23]} {[%emt
00:00:41]} Qxe6 {[%clk 00:16:59]} {[%emt 00:01:15]} 45. Rxe6 {[%clk 00:38:51]}
{[%emt 00:00:02]} Bc3 {[%clk 00:16:35]} {[%emt 00:00:55]} 46. Rxg6+ {[%clk
00:39:15]} {[%emt 00:00:06]} Kh7 {[%clk 00:17:00]} {[%emt 00:00:04]} 47. Rc6
{[%clk 00:39:35]} {[%emt 00:00:10]} 1-0

[Event "European Chess Club Cup 2023"]
[Site "Durres, Albania"]
[Date "2023.10.06"]
[Round "6.46"]
[White "Gengler, Pierre"]
[Black "Keilhack, Harald"]
[Result "1-0"]
[TimeControl "90' + 30' & 30\""]
[WhiteElo "2130"]
[BlackElo "2233"]

1. e4 {[%clk 01:30:58]} c5 {[%clk 01:30:51]} {[%emt 00:00:09]} 2. Nf3 {[%clk
01:31:25]} {[%emt 00:00:04]} e6 {[%clk 01:31:11]} {[%emt 00:00:09]} 3. d4
{[%clk 01:31:50]} {[%emt 00:00:05]} cxd4 {[%clk 01:31:30]} {[%emt 00:00:11]} 4.
Nxd4 {[%clk 01:32:17]} {[%emt 00:00:04]} Nf6 {[%clk 01:31:47]} {[%emt
00:00:12]} 5. Nc3 {[%clk 01:32:44]} {[%emt 00:00:04]} d6 {[%clk 01:32:07]}
{[%emt 00:00:09]} 6. g3 {[%clk 01:33:03]} {[%emt 00:00:12]} Nc6 {[%clk
01:32:07]} {[%emt 00:00:29]} 7. Bg2 {[%clk 01:31:35]} {[%emt 00:01:59]} Bd7
{[%clk 01:32:26]} {[%emt 00:00:10]} 8. O-O {[%clk 01:31:55]} {[%emt 00:00:10]}
Be7 {[%clk 01:32:00]} {[%emt 00:00:56]} 9. Ndb5 {[%clk 01:31:26]} {[%emt
00:01:00]} Qb8 {[%clk 01:31:13]} {[%emt 00:01:16]} 10. Bf4 {[%clk 01:31:53]}
{[%emt 00:00:04]} Ne5 {[%clk 01:29:01]} {[%emt 00:02:40]} 11. Bg5 {[%clk
01:24:09]} {[%emt 00:08:16]} O-O {[%clk 01:24:59]} {[%emt 00:04:31]} 12. h3
{[%clk 01:19:34]} {[%emt 00:05:05]} a6 {[%clk 01:21:34]} {[%emt 00:03:54]} 13.
Bxf6 {[%clk 01:18:30]} {[%emt 00:01:35]} Bxf6 {[%clk 01:20:17]} {[%emt
00:01:47]} 14. Nd4 {[%clk 01:16:59]} {[%emt 00:02:01]} Qc7 {[%clk 01:17:35]}
{[%emt 00:03:11]} 15. Nce2 {[%clk 01:14:14]} {[%emt 00:03:16]} Rac8 {[%clk
01:16:06]} {[%emt 00:01:58]} 16. Rc1 {[%clk 01:13:47]} {[%emt 00:00:58]} b5
{[%clk 01:13:16]} {[%emt 00:03:19]} 17. b3 {[%clk 01:12:59]} {[%emt 00:01:19]}
Rfd8 {[%clk 01:12:35]} {[%emt 00:01:11]} 18. f4 {[%clk 01:09:07]} {[%emt
00:04:22]} Nc6 {[%clk 01:08:44]} {[%emt 00:04:20]} 19. Kh2 {[%clk 01:08:18]}
{[%emt 00:01:20]} Nxd4 {[%clk 01:03:23]} {[%emt 00:05:50]} 20. Nxd4 {[%clk
01:06:01]} {[%emt 00:02:47]} Qc3 {[%clk 00:59:57]} {[%emt 00:03:55]} 21. Ne2
{[%clk 01:05:14]} {[%emt 00:01:18]} Qc5 {[%clk 00:58:21]} {[%emt 00:02:06]} 22.
c3 {[%clk 01:05:02]} {[%emt 00:00:43]} a5 {[%clk 00:52:34]} {[%emt 00:06:15]}
23. Rf3 {[%clk 01:02:02]} {[%emt 00:03:32]} Bc6 {[%clk 00:48:27]} {[%emt
00:04:36]} 24. Rd3 {[%clk 01:02:06]} {[%emt 00:00:26]} Ba8 {[%clk 00:47:04]}
{[%emt 00:01:52]} 25. Rc2 {[%clk 01:02:06]} {[%emt 00:00:32]} Be7 {[%clk
00:41:20]} {[%emt 00:06:14]} 26. Rcd2 {[%clk 00:59:22]} {[%emt 00:03:14]} Re8
{[%clk 00:35:06]} {[%emt 00:06:43]} 27. Nd4 {[%clk 00:52:48]} {[%emt 00:07:05]}
g6 {[%clk 00:31:49]} {[%emt 00:03:46]} 28. Ne2 {[%clk 00:31:48]} {[%emt
00:21:30]} Bf8 {[%clk 00:30:45]} {[%emt 00:01:33]} 29. g4 {[%clk 00:31:44]}
{[%emt 00:00:35]} Qf2 {[%clk 00:25:59]} {[%emt 00:05:16]} 30. Rf3 {[%clk
00:29:43]} {[%emt 00:02:31]} Qc5 {[%clk 00:24:38]} {[%emt 00:01:51]} 31. Ng3
{[%clk 00:25:50]} {[%emt 00:04:24]} Rcd8 {[%clk 00:20:55]} {[%emt 00:04:12]} 32.
Rfd3 {[%clk 00:25:41]} {[%emt 00:00:38]} e5 {[%clk 00:18:49]} {[%emt 00:02:37]}
33. f5 {[%clk 00:25:31]} {[%emt 00:00:40]} Bh6 {[%clk 00:19:02]} {[%emt
00:00:16]} 34. Nh5 {[%clk 00:12:55]} {[%emt 00:13:07]} Bf4+ {[%clk 00:11:37]}
{[%emt 00:07:55]} 35. Nxf4 {[%clk 00:11:19]} {[%emt 00:02:07]} exf4 {[%clk
00:10:02]} {[%emt 00:02:04]} 36. Re2 {[%clk 00:09:14]} {[%emt 00:02:36]} Qe5
{[%clk 00:08:12]} {[%emt 00:02:19]} 37. Bf3 {[%clk 00:09:37]} {[%emt 00:00:07]}
Kg7 {[%clk 00:07:15]} {[%emt 00:01:27]} 38. Qe1 {[%clk 00:09:50]} {[%emt
00:00:17]} Rc8 {[%clk 00:06:44]} {[%emt 00:01:01]} 39. g5 {[%clk 00:07:59]}
{[%emt 00:02:22]} f6 {[%clk 00:05:07]} {[%emt 00:02:06]} 40. gxf6+ {[%clk
00:04:57]} {[%emt 00:03:33]} Qxf6 {[%clk 00:04:45]} {[%emt 00:00:51]} 41. Qd2
{[%clk 00:04:39]} {[%emt 00:00:48]} d5 {[%clk 00:14:16]} {[%emt 00:20:58]} 42.
exd5 {[%clk 00:30:52]} {[%emt 00:04:18]} Qxf5 {[%clk 00:13:32]} {[%emt
00:01:14]} 43. Bg4 {[%clk 00:29:06]} {[%emt 00:02:16]} Qf7 {[%clk 00:11:35]}
{[%emt 00:02:27]} 44. Bxc8 {[%clk 00:27:10]} {[%emt 00:02:26]} Rxc8 {[%clk
00:11:58]} {[%emt 00:00:06]} 45. d6 {[%clk 00:26:55]} {[%emt 00:00:45]} Kh6
{[%clk 00:09:58]} {[%emt 00:02:31]} 46. Re7 {[%clk 00:24:22]} {[%emt 00:03:03]}
Qf6 {[%clk 00:09:50]} {[%emt 00:00:38]} 47. d7 {[%clk 00:23:32]} {[%emt
00:01:19]} Rd8 {[%clk 00:09:39]} {[%emt 00:00:41]} 48. Re8 {[%clk 00:23:03]}
{[%emt 00:00:59]} 1-0

[Event "European Chess Club Cup 2023"]
[Site "Durres, Albania"]
[Date "2023.10.06"]
[Round "6.47"]
[White "Reck, Moritz"]
[Black "Barthel, Ansgar"]
[Result "0-1"]
[TimeControl "90' + 30' & 30\""]
[WhiteElo "2071"]
[BlackElo "2056"]

1. e4 {[%clk 01:30:57]} {[%emt 00:00:01]} Nf6 {[%clk 01:30:54]} {[%emt
00:00:07]} 2. e5 {[%clk 01:31:25]} {[%emt 00:00:02]} Nd5 {[%clk 01:31:20]}
{[%emt 00:00:04]} 3. d4 {[%clk 01:31:48]} {[%emt 00:00:08]} d6 {[%clk
01:31:46]} {[%emt 00:00:03]} 4. c4 {[%clk 01:32:14]} {[%emt 00:00:04]} Nb6
{[%clk 01:32:14]} {[%emt 00:00:03]} 5. f4 {[%clk 01:32:20]} {[%emt 00:00:23]}
dxe5 {[%clk 01:32:24]} {[%emt 00:00:20]} 6. fxe5 {[%clk 01:32:49]} {[%emt
00:00:01]} Nc6 {[%clk 01:32:48]} {[%emt 00:00:07]} 7. Be3 {[%clk 01:33:09]}
{[%emt 00:00:09]} Bf5 {[%clk 01:33:12]} {[%emt 00:00:06]} 8. Nc3 {[%clk
01:33:30]} {[%emt 00:00:10]} e6 {[%clk 01:33:38]} {[%emt 00:00:04]} 9. Nf3
{[%clk 01:33:52]} {[%emt 00:00:07]} Bb4 {[%clk 01:34:02]} {[%emt 00:00:07]} 10.
Be2 {[%clk 01:34:09]} {[%emt 00:00:12]} Na5 {[%clk 01:34:25]} {[%emt 00:00:07]}
11. O-O {[%clk 01:34:20]} {[%emt 00:00:19]} Naxc4 {[%clk 01:31:01]} {[%emt
00:03:54]} 12. Bg5 {[%clk 01:34:48]} {[%emt 00:00:02]} Qd7 {[%clk 01:26:24]}
{[%emt 00:05:07]} 13. Qb3 {[%clk 01:31:10]} {[%emt 00:04:09]} Bxc3 {[%clk
01:25:47]} {[%emt 00:01:06]} 14. Qxc3 {[%clk 01:29:12]} {[%emt 00:02:28]} Qd5
{[%clk 01:17:31]} {[%emt 00:08:46]} 15. Qb4 {[%clk 01:16:03]} {[%emt 00:13:39]}
f6 {[%clk 01:05:42]} {[%emt 00:12:19]} 16. exf6 {[%clk 01:10:43]} {[%emt
00:05:50]} Nd6 {[%clk 01:05:56]} {[%emt 00:00:16]} 17. fxg7 {[%clk 01:10:43]}
{[%emt 00:00:30]} Rg8 {[%clk 01:06:17]} {[%emt 00:00:09]} 18. Rac1 {[%clk
00:55:00]} {[%emt 00:16:13]} Rxg7 {[%clk 01:01:01]} {[%emt 00:05:46]} 19. Rc5
{[%clk 00:54:51]} {[%emt 00:00:39]} a5 {[%clk 00:33:12]} {[%emt 00:28:20]} 20.
Qa3 {[%clk 00:44:12]} {[%emt 00:11:09]} Qe4 {[%clk 00:32:03]} {[%emt 00:01:39]}
21. Rxc7 {[%clk 00:37:57]} {[%emt 00:06:45]} Rxc7 {[%clk 00:30:46]} {[%emt
00:01:46]} 22. Qxd6 {[%clk 00:38:26]} {[%emt 00:00:01]} Qxe2 {[%clk 00:12:37]}
{[%emt 00:18:40]} 23. Qxc7 {[%clk 00:38:29]} {[%emt 00:00:27]} Nd5 {[%clk
00:12:59]} {[%emt 00:00:07]} 24. Ne5 {[%clk 00:36:09]} {[%emt 00:02:51]} Nxc7
{[%clk 00:13:10]} {[%emt 00:00:19]} 0-1